Discapacidad intelectual: adaptación social y problemas de comportamiento.

Uloženo v:
Podrobná bibliografie
Hlavní autoři: Verdugo Alonso, Miguel Angel (Autor), Gutiérrez Bermejo, Belén (Autor)
Médium: Kniha
Jazyk:španělština
Vydáno: Madrid, España: Pirámide, 2009.
Edice:Ojos Solares.
Témata:
Tagy: Přidat tag
Žádné tagy, Buďte první, kdo vytvoří štítek k tomuto záznamu!

MARC

LEADER 00000cam a2200000 a 4500
001 UCG9351
003 CL-VaPUC
005 20240819162656.0
008 120309t20090000SP |||||||||||||||||spa|d
020 |a 9788436822601 
040 |c Pontificia Universidad Católica de Valparaíso 
082 0 7 |a 616.858 VER 2009  |2 22 
100 0 |a Verdugo Alonso, Miguel Angel  |e author  |9 254799 
245 1 0 |a Discapacidad intelectual:   |b adaptación social y problemas de comportamiento. 
260 |a Madrid, España:  |b Pirámide,  |c 2009. 
300 |a 214 páginas. 
490 0 |a Ojos Solares.  |n Sección Tratamiento. 
583 |a last modification  |c 20120309 14:21:00  |k Rodrigo Vera 
650 0 |a Retraso mental   |9 369247 
650 0 |a Minusválidos mentales  |2 CL-VaPUC  |9 311830 
650 0 |a Comportamiento   |9 308406 
650 0 |a Educación especial  |9 307486 
650 0 |a Salud mental  |9 308393 
650 0 |a Adaptación social  |9 336043 
650 0 |a Genética  |9 259443 
650 0 |a Herencia  |9 256325 
700 |a Gutiérrez Bermejo, Belén  |e author  |9 254801 
942 |c BK  |2 ddc 
945 |d 20120309 00:00:00  |a dcastane 
999 |c 346908  |d 346906 
952 |0 0  |1 0  |4 0  |6 616_858000000000000_VER_2009  |7 0  |8 A  |9 447851  |a BIBEDU  |b BIBEDU  |d 2019-11-22  |i 4844181  |l 1  |o 616.858 VER 2009  |p 4844181  |r 2022-03-14  |s 2022-03-11  |w 2019-11-22  |y BK  |k EPE 
952 |0 0  |1 0  |3 erb  |4 0  |6 616_858000000000000_VER_2009  |7 0  |8 A  |9 447852  |a BIBEDU  |b BIBEDU  |i 5365317  |o 616.858 VER 2009  |p 5365317  |r 2019-11-22  |w 2019-11-22  |y BK  |z Catalogado en:20170317  |k EDI 
952 |0 0  |1 0  |3 erb  |4 0  |6 616_858000000000000_VER_2009  |7 0  |8 A  |9 447853  |a BIBEDU  |b BIBEDU  |i 5365325  |l 5  |m 2  |o 616.858 VER 2009  |p 5365325  |r 2024-04-10  |s 2024-04-10  |w 2019-11-22  |y BK  |z Catalogado en:20170317  |k EDI 
952 |0 0  |1 0  |3 erb  |4 0  |6 616_858000000000000_VER_2009  |7 0  |8 A  |9 447854  |a BIBEDU  |b BIBEDU  |i 5365333  |o 616.858 VER 2009  |p 5365333  |r 2019-11-22  |w 2019-11-22  |y BK  |z Catalogado en:20170317  |k EDI 
952 |0 0  |1 0  |3 erb  |4 0  |6 616_858000000000000_VER_2009  |7 0  |8 A  |9 447855  |a BIBEDU  |b BIBEDU  |i 5370329  |o 616.858 VER 2009  |p 5370329  |r 2019-11-22  |w 2019-11-22  |y BK  |z Catalogado en:20170331  |k EDI 
952 |0 0  |1 0  |3 erb  |4 0  |6 616_858000000000000_VER_2009  |7 0  |8 A  |9 447856  |a BIBEDU  |b BIBEDU  |i 5370337  |o 616.858 VER 2009  |p 5370337  |r 2019-11-22  |w 2019-11-22  |y BK  |z Catalogado en:20170331  |k EDI 
952 |0 0  |1 0  |3 erb  |4 0  |6 616_858000000000000_VER_2009  |7 0  |8 A  |9 447857  |a BIBEDU  |b BIBEDU  |i 5370345  |o 616.858 VER 2009  |p 5370345  |r 2019-11-22  |w 2019-11-22  |y BK  |z Catalogado en:20170331  |k EDI 
952 |0 0  |1 0  |3 erb  |4 0  |6 616_858000000000000_VER_2009  |7 0  |8 A  |9 447858  |a BIBEDU  |b BIBEDU  |i 5370353  |o 616.858 VER 2009  |p 5370353  |r 2019-11-22  |w 2019-11-22  |y BK  |z Catalogado en:20170331  |k EDI